Pyramide de Maslow - Statistiques

Statistiques générales
  • Ce quiz a été pris 26 fois
  • Le résultat moyen est 2 sur 6
Statistiques - réponses
Hint Réponse % Correct
2 Besoin de sécurité
92%
1 Besoin physyologique
77%
5 Besoin d'épanouissement
23%
3 Besoin sociaux
23%
4 Besoin valorisation
15%
6 Transcendance
8%
Aucun quiz correspondant
Distribution des résultats
% des personnes avec chaque résultat
Percentile par nombre de réponses
Votre historique - résultats
Vous n’avez pas pris ce quiz